Catalog

Record Details

Catalog Search



Toward Old Testament ethics /  Walter C. Kaiser Cover Image Book Book

Toward Old Testament ethics /  Walter C. Kaiser

Kaiser, Walter C. (Author).

Record details

  • ISBN: 0-310-37111-2
  • Physical Description: 314 p.
  • Edition: 1st ed.
  • Publisher: Grand Rapids, Michigan :  Zondervan Publishing House ,  1991

Available copies

  • 2 of 2 copies available at Common Catalog SPOK.

Holds

  • 0 current holds with 2 total copies.
Show Only Available Copies
Location Call Number / Copy Notes Barcode Shelving Location Status Due Date
ETS Library 241 424470005375 Volný výběr Available -
ETS Library 241 424470018372 Volný výběr Available -

LDR 00647nam a2 00241
00135832
003CZ-PrJAB
00520210308171403.0
008031008s1991 xxu e |||| |eng
009us
020 . ‡a0-310-37111-2
035 . ‡a(CONS)9339
035 . ‡aKPS5119
041 . ‡aeng
08214. ‡a241
100 . ‡723 ‡aKaiser, Walter C.
245 . ‡aToward Old Testament ethics /  ‡nWalter C. Kaiser
250 . ‡a1st ed.
260 . ‡aGrand Rapids, Michigan :  ‡bZondervan Publishing House ,  ‡c1991
300 . ‡a314 p.
653 . ‡aToward Old Testament ethics
8524 . ‡bETS ‡bETS ‡cVolný výběr ‡j241 ‡gA ‡p424470005375
910 . ‡aABG450
999 . ‡a9339 ‡bAUTOGEN ‡c9339 ‡tbiblio
905 . ‡uadmin
901 . ‡a35832 ‡bCZ-PrJAB ‡c35832 ‡tbiblio ‡sets

Additional Resources